Представление документа в формате MARC21

Поле Инд. ПП Название Значение
Тип записи a
Библиографический уровень m
001 Контрольный номер 0a327b9f-6170-4c50-8ad1-90bb3cefbf8b
005 Дата корректировки 20131111222753.5
008 Кодируемые данные 010510 d
020 a ISBN 5-278-00115-1
c Цена, тираж 0.50
040 a Служба первич. каталог. RU-RKP
040 a Служба первич. каталог. НБ ТвГУ
041 a Код языка текста rus
080 a Индекс УДК 613.97
084 a Индекс другой классификации/Индекс ББК Р120.49
090 x Авторский знак Т65
a Полочн. индекс Р120.49
092 a 76.33.29
100 1_ a Автор Транквиллитати Александра Николаевна
245 00 a Заглавие Золотая осень жизни
c Ответственность А. Н. Транквиллитати
260 0_ a Место издания Москва
b Издательство Физкультура и спорт
c Дата издания 1989
300 a Объем 126,[2] с.
b Иллюстрации/ тип воспроизводства ил.
c Размеры 21 см
440 a Серия Физкультура и здоровье
650 a Основная рубрика Климактерический период
x Основная подрубрика Гигиена
653 a Ключевые слова Климактерический период
a Ключевые слова Гигиена климактерия
852 t Порядковый номер экземпляра 2
p Инвентарный номер 603999
p Инвентарный номер 604000
954 a Дата поступления на обработку 20010510
999 a Подразделение 2 Фил3